Como reduzir db̌itos para com o INSS Manual da Sm︢ula Vinculante 8 do STF

Detalles Bibliográficos
Autor principal: Morais, Roberto Rodrigues de
Formato: eBook
Lenguaje:portugués
Publicado: Sô Paulo : Editoria mundo jurd̕ico, 2009
Materias:
Acceso en línea:http://www.vlex.com/source/6904

MARC

LEADER 00000nam a22000007a 4500
005 20130118103637.0
007 cr|||| ||||
008 130118e2009 bl |||||s|||| 00||0 por d
020 |a 978-85-88576-68-1 
035 |a 978-85-88576-68-1 
040 |a vLex 
090 |c 3540  |d 3540 
100 1 0 |a Morais, Roberto Rodrigues de 
245 |a Como reduzir db̌itos para com o INSS  |b Manual da Sm︢ula Vinculante 8 do STF  |h [Recurso electrn̤ico] 
256 |a Servicio en ln̕ea 
260 |a Sô Paulo :   |b Editoria mundo jurd̕ico,   |c 2009 
300 |a 1 Recurso electrn̤ico 
650 0 4 |a Derecho tributario  |z Brasil 
740 |a vLex Libros (Servicio en ln̕ea) 
856 |a Acceso restringido  |u http://www.vlex.com/source/6904 
942 |c BOOK 
999 0 |a Taxation